[Event "Australian-ch 2020"]
[Site "Kogarah"]
[Date "2020.01.03"]
[Round "2.7"]
[White "Hu, Jason"]
[Black "Ng, Clive"]
[Result "1-0"]
[WhiteElo "2159"]
[BlackElo "2061"]
[Annotator "TA"]
[PlyCount "113"]
[EventDate "2020.01.02"]
[EventType "swiss"]
[EventCountry "AUS"]
[SourceTitle "playchess.com"]
[Source "ChessBase"]
[SourceQuality "1"]

{[%evp 16,113,6,-8,27,-1,6,0,0,7,33,15,7,0,0,0,3,23,27,19,31,28,27,-21,0,-16,0,0,0,-10,-13,-14,-18,-20,-14,-16,0,0,0,-137,-135,-117,-24,-286,-14,-237,-31,-96,-93,-91,-98,-84,40,49,174,171,241,193,276,281,300,289,302,296,289,295,291,291,277,258,288,283,256,237,343,341,333,325,332,314,311,287,414,413,443,438,572,571,552,533,599,595,793,727,1010,1006,957,945,29989,29990]} 1. c4 Nf6 2. Nc3 g6 3. e4 d6 4. g3 Bg7 5. Bg2 O-O 6. Nge2 c5 7. O-O Nc6 8. d3 a6 9. f4 Ne8 {A36: Symmetrical English vs ...g6: 4 Bg2 Bg7} (9... Bd7 10. h3 Rb8 11. Be3 b5 12. Qd2 Qa5 13. g4 Ne8 14. f5 e6 15. Bg5 Be5 16. Bh6 Bg7 17. Bxg7 Kxg7 18. g5 Nc7 19. f6+ {1-0 (60) Vrkoc,D (2552)-Acevedo Villalba,A (2569) ICCF email 2004}) 10. f5 Rb8 11. Bg5 $146 ({Predecessor:} 11. a4 Nc7 12. Rb1 b5 13. axb5 axb5 14. b3 Nd4 15. g4 Ba6 16. Be3 Rb6 17. g5 {½-½ (37) Revita,S-Nguyen,T (1763) Chiangmai 2013}) 11... h6 {The position is equal.} 12. Be3 b5 13. fxg6 fxg6 14. Rxf8+ Bxf8 15. cxb5 axb5 16. d4 b4 17. Nd5 g5 18. dxc5 e6 19. cxd6 Nxd6 20. Bf2 Nc4 21. Ne3 Qxd1+ 22. Nxd1 Bg7 23. Rc1 N4e5 24. b3 Ba6 25. Rc2 (25. Nd4 Nxd4 26. Bxd4 Nd3 $17) 25... Rd8 26. Nb2 Bb5 27. Bf1 (27. h3 $11) 27... Nf3+ $17 28. Kg2 Nd2 (28... Nce5 $17 {And now ...Bc6 would win.} 29. Ng1 Bc6 30. Rxc6 (30. Nxf3 Bxe4 {[%mdl 64] Double Attack} 31. Bb6 Rf8 $17) 30... Nxc6 31. Nxf3 Bxb2) 29. Nc4 $2 {[%mdl 8192] [#]} (29. Bb6 $11 {and White has nothing to worry.} Rd6 30. Rc5) 29... Nxe4 $2 (29... Nxc4 $1 $19 30. Nc1 (30. bxc4 $2 Ba4 $19) 30... Na3 31. Bxb5 Nd4 32. Bxd4 Bxd4) 30. a4 $2 (30. Bb6 $11) 30... Ba6 $2 (30... bxa3 $1 $19 31. Nxa3 Nb4) 31. Be3 (31. Bb6 $15 Rd7 32. a5) 31... Ne7 32. Bb6 Rf8 33. Nd4 Bb7 (33... Nd5 $17 34. Nb5 Nec3) 34. Kg1 $36 {[%mdl 2048] Black is under pressure.} Nd5 ({Better is} 34... Bd5 $14) 35. Nxe6 $18 Nxb6 (35... Rf3 $142) 36. Nxb6 Bc3 {[#]} (36... Rf3 {is a better defense.}) 37. Bc4 $1 (37. Nxf8 $2 Bd4+ 38. Rf2 Bxf2+ 39. Kg2 Bxb6 $19) 37... Rf7 {Threatening ...Nd2.} 38. Nd8 {[%mdl 64] Pin, Discovered Attack} Bd4+ 39. Kg2 Nd6+ 40. Nxb7 Nxc4 41. Nxc4 ({Resist} 41. Rxc4 Bxb6 42. Rxb4 Rf2+ 43. Kh3 Be3 $18) 41... Rxb7 {[%mdl 4096] Endgame KRB-KRN} 42. Nd6 Rb6 43. Rc8+ Kh7 44. Nf5 Bc3 (44... Bf6 {might work better.} 45. g4 Kg6) 45. Rc7+ Kh8 46. Kf3 h5 47. h3 Re6 48. g4 h4 (48... Re1 $142 49. a5 (49. gxh5 Rf1+ 50. Kg4 Rg1+ 51. Ng3 Be5 $14) 49... Ra1) 49. Re7 Rc6 50. Ke4 Rc5 51. Nd6 Bf6 52. Re8+ Kh7 53. Nc4 Kg6 54. Rb8 Bc3 55. a5 {[%cal Ba4a5,Ba5a6][%mdl 32]} Rc7 56. a6 Rd7 57. Rb6+ {Accuracy: White = 53%, Black = 39%.} 1-0

[Event "Australian-ch 2020"]
[Site "Kogarah"]
[Date "2020.01.03"]
[Round "2.8"]
[White "Lo, Willis"]
[Black "O'shea, Kevin"]
[Result "0-1"]
[WhiteElo "2108"]
[BlackElo "2035"]
[Annotator "TA"]
[PlyCount "142"]
[EventDate "2020.01.02"]
[EventType "swiss"]
[EventCountry "AUS"]
[SourceTitle "playchess.com"]
[Source "ChessBase"]
[SourceQuality "1"]

{[%evp 10,142,19,7,22,18,18,10,25,10,51,53,58,36,110,-27,78,20,22,10,13,0,49,33,34,27,16,11,18,28,27,-12,-4,-10,8,5,0,-8,-12,-8,-9,-19,-16,-16,-16,-16,-17,-20,0,-27,-25,-26,-26,-90,71,-109,-103,-110,-112,-227,-227,-245,-64,-70,-76,-77,-62,-66,-72,-85,-75,-87,-85,-97,-93,-83,-97,-92,-14,-14,-14,-14,0,0,0,0,0,0,0,0,0,0,0,0,0,0,0,0,0,0,0,0,0,0,0,-56,-118,-328,-314,-717,-712,-1208,-1089,-1219,-879,-29973,-29975,-29975,-29976,-29976,-29977,-29978,-29979,-29979,-29980,-29981,-29982,-29982,-29983,-29985,-29986,-29987,-29988,-29989,-29990]} 1. c4 Nf6 2. g3 e6 3. Bg2 d5 4. Nf3 Be7 5. d4 O-O 6. Nc3 b6 {E06: Closed Catalan: Early deviations} (6... dxc4 7. O-O Nc6 8. e3 Na5 9. e4 c5 10. d5 exd5 11. e5 Ne8 12. Nxd5 h6 13. Be3 Be6 14. Nxe7+ Qxe7 15. Nd2 Rd8 16. Qh5 Nc7 17. Ne4 Rd5 18. Bxh6 Bc8 19. Bf4 Ne6 20. Nf6+ gxf6 21. Bxd5 Ng7 22. Qh4 {1-0 (22) Duda,J (2730)-Giri,A (2780) chess.com INT 2019}) 7. cxd5 exd5 8. Ne5 Bb7 {The position is equal.} 9. Qa4 c5 10. dxc5 bxc5 11. O-O Qb6 (11... Qc8 $14) 12. e3 $146 (12. Bg5 $1 $16) ({Predecessor:} 12. Rd1 Rd8 13. Qc2 Na6 14. Na4 Qe6 15. Nd3 Qc6 16. b3 Rac8 17. Bd2 Qb5 {½-½ (43) Kapral,K (2010)-Rosenbeiger,A (2130) Koszalin 1997}) 12... Qe6 (12... Rd8 $11) 13. Nd3 (13. Qb3 $16 Nbd7 14. Nxf7 (14. Qxb7 Rab8 $11)) 13... Rd8 14. Nf4 Qb6 15. Rd1 {[%cal Rf4d5]} Bc6 16. Qb3 Qxb3 17. axb3 {[%cal Rf4d5]} d4 18. Nb5 Bxg2 19. Kxg2 {Black must now prevent Nc7.} Nc6 20. Ra4 {[%cal Re3d4]} a6 21. Nc7 Ra7 22. Nxa6 Rda8 23. Nxc5 Bxc5 24. Rc4 Nd7 $1 25. Nd3 {Threatens to win with exd4.} Na5 26. Rxc5 Nxc5 27. Nxc5 dxe3 28. Bxe3 h6 29. b4 Nc4 30. Bd4 Rd8 31. b5 (31. Rd3 $11 {keeps the balance.}) 31... Rc7 $2 {[#]} (31... Rd5 $17 {keeps the pressure on.} 32. b3 Nb6) 32. b4 $2 (32. Be5 $1 $16 {[%mdl 512] and life is bright.} Rxd1 (32... Nxe5 33. Rxd8+) 33. Bxc7) 32... Rcc8 33. Nb3 Rb8 34. Rc1 {[#]} (34. Re1 $17) 34... Nd2 $1 $19 {[%cal Rd2b3][%mdl 512]} 35. Na5 (35. Nxd2 Rxd4) 35... Rxb5 $2 (35... Rxd4 $19 36. Nc6 Nb3) 36. Be3 {Black should prevent Rd1.} Ne4 37. Nc6 Re8 38. Rb1 Nc3 39. Rb3 Nd5 40. Bc5 Rc8 41. Nd4 Rb7 42. Kf3 Nf6 (42... g6 {with more complications.} 43. h3 Nf6 44. Ra3 Nd7 45. Bd6 Rb6) 43. Re3 Re8 (43... Nd7 $17 44. Rc3 g6) 44. Rxe8+ $11 Nxe8 {[%mdl 4096] Endgame KRN-KBN} 45. Ke4 Nc7 46. Kd3 Ne6 47. Kc4 Nxc5 48. Kxc5 {KR-KN} Kf8 49. b5 {Strongly threatening Kc6.} Ke8 50. Kc6 Rd7 51. Nf5 {Threatening b6.} Rd2 52. b6 Rc2+ 53. Kd6 {And now Ne3 would win.} Rd2+ 54. Kc7 {Nd6+ is the strong threat.} Rc2+ 55. Kd6 Rd2+ 56. Kc7 {Hoping for Nd6+.} Rc2+ 57. Kb8 ({White should try} 57. Kd6 $11) 57... Rxf2 $15 58. Nd4 $2 (58. Nxg7+ $17 Kd7 59. b7) 58... Kd7 $19 ({Not} 58... Rxh2 59. Kc7 $11) 59. b7 $2 (59. h3) 59... Rxh2 60. Ka7 Ra2+ 61. Kb6 {[#]} Rb2+ $1 62. Nb5 {[#]} Rxb5+ $1 {[%mdl 64] Remove Defender, Deflection. Black mates.} 63. Kxb5 {K3P-KPP} Kc7 64. Kc5 h5 65. Kd5 Kxb7 {KP-KP} 66. Ke5 Kc6 67. Kf5 Kd5 68. Kg5 g6 69. Kf6 Ke4 70. Kxf7 g5 71. Kg6 h4 {Accuracy: White = 40%, Black = 57%.} 0-1

[Event "Australian-ch 2020"]
[Site "Kogarah"]
[Date "2020.01.03"]
[Round "2.9"]
[White "Nakauchi, Gene"]
[Black "Bayaca, Sterling"]
[Result "1-0"]
[WhiteElo "2150"]
[BlackElo "1994"]
[Annotator "TA"]
[PlyCount "45"]
[EventDate "2020.01.02"]
[EventType "swiss"]
[EventCountry "AUS"]
[SourceTitle "playchess.com"]
[Source "ChessBase"]
[SourceQuality "1"]

{[%evp 18,45,40,13,20,18,56,44,60,55,71,18,128,107,112,115,147,116,325,326,551,492,537,528,689,695,1490,1462,1453,1393]} 1. d4 Nf6 2. c4 g6 3. g3 Bg7 4. Bg2 c6 5. e4 d6 6. Nc3 e5 7. Nf3 Nbd7 8. O-O O-O 9. h3 a6 10. a4 a5 {E69: King's Indian: Fianchetto: 6...Nbd7 7 0-0 e5 8 e4 c6 9 h3} (10... exd4 11. Nxd4 Re8 12. Be3 Nc5 13. Qc2 a5 14. Rfd1 Qe7 15. Re1 Nfd7 16. Rad1 h5 17. b3 Na6 18. f4 {0-1 (44) Gretarsson,H (2580)-Hjartarson,J (2547) Reykjavik 2016}) 11. Be3 h6 12. Qd2 Kh7 {White is slightly better.} 13. Rad1 {Hoping for dxe5.} Qc7 $146 ({Predecessor:} 13... Qe7 14. Rfe1 Ne8 15. Nh2 Ndf6 16. f4 Bd7 17. Nf3 Nh5 18. dxe5 Nxg3 {1-0 (38) Weber,M (2082)-Fleischer,M (1937) Rostock 2012}) 14. Nh2 ({White should try} 14. b3 $16) 14... g5 (14... exd4 $11 {remains equal.} 15. Bxd4 (15. Qxd4 Ng4 $17) 15... Nc5) 15. f4 $36 {[%mdl 2048] White is really pushing.} gxf4 16. gxf4 exd4 17. Bxd4 Nb6 $2 {[#]} (17... Rg8 $16 {keeps fighting.}) 18. e5 $18 Nfd7 $2 (18... dxe5 19. fxe5 {[%mdl 64] Discovered Attack} Ng8) 19. Be4+ {White is clearly winning.} Kg8 {[%cal Rd6e5]} 20. exd6 Bxd4+ 21. Qxd4 c5 {[#]} 22. Bh7+ $1 {[%mdl 576] Decoy, Clearance} Kxh7 23. Qd3+ {Accuracy: White = 77%, Black = 32%.} ({Stronger than} 23. dxc7 Rg8+ 24. Kh1 cxd4 $17) 1-0

[Event "Australian-ch 2020"]
[Site "Kogarah"]
[Date "2020.01.03"]
[Round "2.10"]
[White "Kethro, Michael"]
[Black "Huynh, Arthur"]
[Result "1/2-1/2"]
[WhiteElo "2093"]
[BlackElo "2136"]
[Annotator "TA"]
[PlyCount "79"]
[EventDate "2020.01.02"]
[EventType "swiss"]
[EventCountry "AUS"]
[SourceTitle "playchess.com"]
[Source "ChessBase"]
[SourceQuality "1"]

{[%evp 21,79,0,0,0,13,0,0,0,0,0,0,0,0,0,0,0,0,0,59,66,77,77,83,78,70,39,30,0,43,0,6,-32,0,-67,-53,-83,18,12,8,0,12,18,27,0,18,0,0,0,0,0,0,0,0,0,0,0,0,0,0,0]} 1. d4 Nf6 2. c4 e6 3. g3 Bb4+ 4. Bd2 Be7 5. Bg2 d5 6. Nf3 O-O 7. O-O Nbd7 8. Qc2 c6 9. Rd1 b6 10. Bf4 Ba6 11. b3 Rc8 12. Nc3 {E15: Queen's Indian: 4 g3 sidelines, 4 g3 Ba6 and 4 g3 Bb7 early deviations} dxc4 $146 ({Predecessor:} 12... Nh5 13. Bc1 Nhf6 14. e4 dxc4 {½-½ (32) Giri,A (2686)-Ponomariov,R (2744) Wijk aan Zee 2011}) 13. e4 Bb4 14. Nd2 Qe7 15. Nxc4 Bxc4 16. bxc4 e5 17. dxe5 Nxe5 18. a3 Bc5 19. Na4 Nfg4 (19... Nfd7 $11) 20. Nxc5 $14 Qxc5 21. h3 Nf6 22. Rdc1 Qe7 23. a4 Rfd8 {Threatening ...Nd3.} 24. c5 bxc5 $1 {[%cal Bb6c5,Bc5c4][%mdl 32] Black wants to play ...Nd3.} 25. Be3 c4 26. a5 c5 27. Rf1 ({White should try} 27. Qe2 $11) 27... Rd3 28. Bf4 Rcd8 (28... Nfd7 $17) 29. Bxe5 $1 $11 Qxe5 30. Qxc4 Qd4 31. Qxd4 R3xd4 32. Rfc1 c4 {The position is equal.} 33. Bf1 (33. f3 {with more complications.} g5 34. Bf1 Nh5 35. g4 Nf4 36. Ra4) 33... Nxe4 34. Rxc4 Rxc4 35. Bxc4 {KRB-KRN} Kf8 36. Ra2 Nd6 37. Bd5 Rc8 38. a6 Rc5 39. Bf3 Ke7 40. Rb2 {Accuracy: White = 57%, Black = 48%.} 1/2-1/2

[Event "Australian-ch 2020"]
[Site "Kogarah"]
[Date "2020.01.04"]
[Round "3.1"]
[White "Kuybokarov, Temur"]
[Black "McClymont, Brodie"]
[Result "1-0"]
[WhiteElo "2523"]
[BlackElo "2421"]
[Annotator "TA"]
[PlyCount "103"]
[EventDate "2020.01.02"]
[EventType "swiss"]
[EventCountry "AUS"]
[SourceTitle "playchess.com"]
[Source "ChessBase"]
[SourceQuality "1"]

{[%evp 13,103,14,18,6,11,6,40,41,69,68,77,77,76,69,83,24,48,53,54,0,0,7,0,0,0,0,0,0,0,0,12,0,0,0,13,0,0,0,0,0,49,0,0,0,24,24,24,24,24,24,41,49,67,52,150,150,175,175,187,185,318,260,322,315,887,1000,12843,751,568,252,252,255,255,232,894,1001,924,861,596,564,425,391,12840,844,867,576,29977,29978,29986,29987,29985,160]} 1. e4 c5 2. Nf3 d6 3. d4 cxd4 4. Nxd4 Nf6 5. Nc3 a6 6. Bg5 Nbd7 7. Bc4 e6 8. Qe2 {B94: Sicilian Najdorf: 6 Bg5 Nbd7} h6 9. Bh4 Qa5 (9... b5 $5 {[%cal Rb5c4]} 10. Bxe6 fxe6 11. Nxe6 Qa5 $11) (9... Ne5 10. Bb3 g5 11. Bg3 Qc7 12. O-O-O Bd7 13. h4 g4 14. f4 gxf3 15. gxf3 Rg8 {1-0 (39) Kuybokarov,T (2496)-McClymont,B (2389) Melbourne 2019}) 10. f4 {White is slightly better.} Qh5 11. Qxh5 Nxh5 12. f5 $1 {[%cal Rf5e6]} Ne5 {[#]} 13. Bb3 $1 {[%cal Rf5e6]} Nc6 {[#]} 14. Nce2 $146 (14. O-O-O $16) ({Predecessor:} 14. O-O-O Be7 15. Bxe7 Kxe7 16. fxe6 fxe6 17. Nxc6+ bxc6 {1-0 (46) Wang,H (2696)-Ji,D (2342) Xinghua Jiangsu 2009}) 14... Nf4 15. Nxf4 Nxd4 16. fxe6 (16. O-O $14) 16... Nxb3 $11 17. axb3 Bxe6 ({Much worse is} 17... g5 $6 18. Nd5 $16) 18. O-O-O g5 19. Nxe6 fxe6 20. Bg3 Rd8 21. Rd3 Rh7 22. h4 gxh4 23. Bxh4 Be7 24. Rdh3 Rg7 25. Bxe7 Kxe7 26. Rxh6 Rxg2 {[%mdl 4096] Endgame KRR-KRR} 27. Rf1 {aiming for Rh7+.} Rdg8 28. Rff6 Re2 {( -> ...Rg1+)} 29. Rxe6+ {[%mdl 64] Double Attack} Kd7 {[%cal Rg8g1]} 30. Rxd6+ Kc7 31. Rdg6 Rd8 {[%cal Re2e1]} 32. Rg7+ Kb8 {[%cal Re2e1]} 33. Kb1 {Black must now prevent Rb6.} Rd1+ ({Black should play} 33... Rdd2 $1 $14) 34. Ka2 $16 Rxc2 {[#]} 35. Rh8+ $1 Ka7 36. Rhh7 Rdd2 (36... Ka8 {keeps fighting.}) 37. Rxb7+ $18 Ka8 38. Rbe7 Rxb2+ $2 (38... Rd8 39. e5 Rc6) 39. Ka3 Ra2+ 40. Kb4 {White wants to mate with Rh8+.} Rd8 41. Ra7+ (41. e5 $142 Rb8+ 42. Kc3 Rc8+ 43. Kd4 Rd8+ 44. Kc3) 41... Kb8 42. Rhb7+ Kc8 43. e5 Re2 $2 (43... Re8 44. Rg7 Kb8) 44. Re7 {[%cal Ra7a8]} Kb8 45. Rxa6 Rd5 46. Rh6 {Intending Rh8+ and mate.} Re4+ 47. Ka3 {Rh8+ would kill now.} Kc8 $2 (47... Ra5+ 48. Kb2 Re2+ 49. Kc3 Rc5+ 50. Kd3 Rb2 51. Rb6+ Kc8) 48. Rh8+ (48. e6 $142 Ra5+ 49. Kb2 Re2+ 50. Kc3) 48... Rd8 49. Rhh7 Rd1 50. e6 {White mates.} Kd8 51. Rb7 {[%cal Rh7h8]} Kc8 52. Rhc7+ {Accuracy: White = 66%, Black = 35%.} 1-0

[Event "Australian-ch 2020"]
[Site "Kogarah"]
[Date "2020.01.04"]
[Round "3.2"]
[White "Clarke, Brandon G I"]
[Black "Ikeda, Junta"]
[Result "0-1"]
[WhiteElo "2438"]
[BlackElo "2438"]
[Annotator "TA"]
[PlyCount "60"]
[EventDate "2020.01.02"]
[EventType "swiss"]
[EventCountry "AUS"]
[SourceTitle "playchess.com"]
[Source "ChessBase"]
[SourceQuality "1"]

{[%evp 19,60,16,21,0,23,0,22,16,8,0,0,-4,9,10,33,0,0,12,28,9,20,6,13,7,23,0,0,-8,-14,-43,-47,-23,-29,-102,-83,-348,-336,-388,-377,-365,-333,-1024,-987]} 1. e4 g6 2. d4 Bg7 3. Nf3 d6 4. Bd3 Nf6 5. O-O O-O 6. c3 Nc6 7. Nbd2 e5 8. dxe5 Nxe5 9. Nxe5 dxe5 10. Nc4 Nh5 11. Re1 {B07: Pirc Defence: Miscellaneous Systems} (11. g3 Qe7 12. Re1 Be6 13. Qc2 Rad8 14. b3 Rfe8 15. a4 a6 16. Ba3 Qg5 17. h4 Qf6 18. Rad1 Bg4 {½-½ (18) Erdos,V (2604)-Berkes,F (2661) Hungary 2019}) 11... Be6 12. Be3 b6 $146 ({Predecessor:} 12... Qe7 13. b4 Rfd8 14. Qc2 Nf4 15. Bf1 h5 16. Na5 c6 17. Red1 {½-½ (37) Gonzalez Perez,A (2439)-Vassallo Barroche,M (2423) Barcelona 2015}) 13. Bf1 {The position is equal.} Qe8 14. f3 Qc6 15. Nd2 Kh8 16. a4 {[%cal Ba2a4,Ba4a5][%mdl 32]} f5 17. a5 Rad8 18. Qc2 Nf6 19. exf5 gxf5 20. axb6 axb6 21. Bg5 e4 22. Kh1 Bd5 23. fxe4 fxe4 {...Ng4 is the strong threat.} 24. Be2 e3 25. Nf3 Rde8 {And now ...Ng4 would win.} 26. Kg1 (26. Qa4 $11 {remains equal.}) 26... Ne4 27. Bh4 $2 {[%mdl 8192] [#]} (27. Bxe3 $17 {was necessary.} Nxc3 28. Bf1 Bxf3 29. gxf3 Rxe3 {[%mdl 64] Remove Defender} 30. Rxe3 {[%mdl 64] Pin}) 27... Qh6 $1 $19 28. Red1 {[#]} Nd2 $1 {[%cal Rd5f3][%mdl 512]} 29. Bg5 (29. Nxd2 Qxh4) 29... Qh5 ({Less strong is} 29... Nxf3+ 30. Bxf3 Qxg5 31. Rxd5 $17) 30. Bxe3 $2 (30. Rxd2 exd2 31. Qxd2 Rxe2 {[%mdl 64] Remove Defender} 32. Qxe2 Bxf3 33. Qd2) 30... Nxf3+ {Accuracy: White = 18%, Black = 52%.} ({And not} 30... Rxe3 31. Qxd2 Bxf3 32. Bxf3 $14) 0-1

[Event "Australian-ch 2020"]
[Site "Kogarah"]
[Date "2020.01.04"]
[Round "3.3"]
[White "Bjelobrk, Igor"]
[Black "Wallis, Christopher"]
[Result "1/2-1/2"]
[WhiteElo "2403"]
[BlackElo "2322"]
[Annotator "TA"]
[PlyCount "83"]
[EventDate "2020.01.02"]
[EventType "swiss"]
[EventCountry "AUS"]
[SourceTitle "playchess.com"]
[Source "ChessBase"]
[SourceQuality "1"]

{[%evp 13,83,0,0,0,0,0,0,-13,-14,-10,0,0,0,0,0,0,0,0,0,-16,0,-17,-17,-10,-14,-25,0,0,0,0,0,1,1,0,0,0,12,0,0,0,0,0,0,0,0,0,0,0,0,0,0,0,8,0,14,0,0,0,0,0,0,0,0,0,0,0,0,0,0,0,0,0]} 1. d4 d5 2. c4 e6 3. Nf3 Nf6 4. g3 Bb4+ 5. Nc3 O-O 6. Bg2 dxc4 7. O-O Nc6 8. Qa4 {E20: Nimzo-Indian: 4 g3 and 4 f3} Nd5 9. Qc2 Be7 10. Rd1 Rb8 (10... b6 {keeps more tension.} 11. Ne5 Nxe5 12. dxe5 c6 13. b3 cxb3 14. axb3 Bb7) (10... Ncb4 11. Qd2 Rb8 12. Ne5 Nb6 13. a3 N4d5 14. e4 Nxc3 15. Qxc3 Bd7 16. Nxc4 Nxc4 17. Qxc4 {1-0 (70) Dubov,D (2700)-Anand,V (2764) Paris 2019}) 11. Ne5 Nxc3 $146 ({Predecessor:} 11... Nxe5 12. dxe5 c6 13. Ne4 Qc7 14. Nd6 Bxd6 15. exd6 Qxd6 16. Qxc4 {½-½ (38) Prohaszka,P (2626)-Bok,B (2639) Saint Louis 2018}) 12. Nxc6 Nxe2+ 13. Qxe2 bxc6 14. Qxc4 Rb4 15. Qc3 Bb7 16. Be3 Qb8 17. Rd2 {[#]} c5 $1 {[%mdl 512]} 18. Bxb7 (18. dxc5 Bxg2) 18... Qxb7 19. Rad1 Bf6 20. Qxc5 {The position is equal.} Rxb2 21. Rxb2 Qxb2 22. Qxa7 Qb6 23. Qa4 Qb7 24. Rc1 Be7 25. Qc6 Qxc6 26. Rxc6 $11 {[%mdl 4096] Endgame KRB-KRB} Bd6 27. a4 Ra8 28. Rc4 Kf8 29. Bd2 Ke8 30. Kf1 Kd7 31. Ke2 h5 32. h4 c6 33. Kd3 Kc7 34. Bb4 Bxb4 35. Rxb4 {KR-KR} Ra7 36. Kc3 Ra5 37. Rc4 Rf5 38. f4 Kb6 39. Kb4 Rd5 40. Kc3 g6 41. Rb4+ Ka7 42. Rc4 {Accuracy: White = 63%, Black = 75%.} 1/2-1/2